<?xml version="1.0" encoding="UTF-8"?>
<record
    xmlns:xsi="http://www.w3.org/2001/XMLSchema-instance"
    xsi:schemaLocation="http://www.loc.gov/MARC21/slim http://www.loc.gov/standards/marcxml/schema/MARC21slim.xsd"
    xmlns="http://www.loc.gov/MARC21/slim">

  <leader>00759nam a2200157   4500</leader>
  <controlfield tag="005">20260417154210.0</controlfield>
  <controlfield tag="008">260417b        |||||||| |||| 00| 0 eng d</controlfield>
  <datafield tag="020" ind1=" " ind2=" ">
    <subfield code="a">978-93-6392-761-2</subfield>
  </datafield>
  <datafield tag="040" ind1=" " ind2=" ">
    <subfield code="a">National Science Library</subfield>
    <subfield code="c">National Science Library</subfield>
  </datafield>
  <datafield tag="080" ind1=" " ind2=" ">
    <subfield code="a">811.214.21:35:09</subfield>
  </datafield>
  <datafield tag="245" ind1=" " ind2=" ">
    <subfield code="a">&#x938;&#x902;&#x917;&#x920;&#x928;&#x924;&#x903; &#x92A;&#x942;&#x930;&#x94D;&#x923;&#x924;&#x93E;&#x902; &#x92A;&#x94D;&#x930;&#x924;&#x93F; &#x91A;&#x930;&#x948;&#x935;&#x947;&#x924;&#x93F; &#x91A;&#x930;&#x948;&#x935;&#x947;&#x924;&#x93F;: </subfield>
    <subfield code="b">&#x917;&#x920;&#x928; &#x938;&#x947; &#x92A;&#x942;&#x930;&#x94D;&#x923;&#x924;&#x93E; &#x915;&#x940; &#x913;&#x930; &#x91A;&#x932;&#x924;&#x947; &#x930;&#x939;&#x94B;, &#x91A;&#x932;&#x924;&#x947; &#x930;&#x939;&#x94B;</subfield>
  </datafield>
  <datafield tag="246" ind1=" " ind2=" ">
    <subfield code="a">Sanghatanatah poornataan prati charaiveti charaiveti:  </subfield>
    <subfield code="b">Gathan se poornata kee or chalate raho, chalate raho</subfield>
  </datafield>
  <datafield tag="260" ind1=" " ind2=" ">
    <subfield code="a">New Delhi: </subfield>
    <subfield code="b">Prakashan Vibhag Suchna Evam Prakashan Mantralaya,</subfield>
    <subfield code="c">2025</subfield>
  </datafield>
  <datafield tag="300" ind1=" " ind2=" ">
    <subfield code="a">110p.</subfield>
  </datafield>
  <datafield tag="942" ind1=" " ind2=" ">
    <subfield code="2">udc</subfield>
    <subfield code="c">HBK</subfield>
  </datafield>
  <datafield tag="999" ind1=" " ind2=" ">
    <subfield code="c">67890</subfield>
    <subfield code="d">67890</subfield>
  </datafield>
  <datafield tag="952" ind1=" " ind2=" ">
    <subfield code="0">0</subfield>
    <subfield code="1">0</subfield>
    <subfield code="2">udc</subfield>
    <subfield code="4">0</subfield>
    <subfield code="6">811214213509</subfield>
    <subfield code="7">0</subfield>
    <subfield code="9">183481</subfield>
    <subfield code="a">NSL</subfield>
    <subfield code="b">NSL</subfield>
    <subfield code="c">GF/REF/Rk-1/C-2/R-5</subfield>
    <subfield code="d">2026-02-18</subfield>
    <subfield code="l">0</subfield>
    <subfield code="o">811.214.21:35:09</subfield>
    <subfield code="p">291165</subfield>
    <subfield code="r">2026-04-17 15:42:00</subfield>
    <subfield code="w">2026-02-18</subfield>
    <subfield code="y">HBK</subfield>
  </datafield>
</record>
